Modifikácia dreva pomocou stabilizačnej živice a jej vplyv na vybrané parametre

Saved in:
Bibliographic Details
Main Author: Kopinec, Dávid (Author)
Other Authors: Wachter, Igor (Thesis advisor)
Format: Manuscript Book
Language:Slovak
Published: 2024
Subjects:
Online Access:http://is.stuba.sk/zp/portal_zp.pl?podrobnosti=178047
Tags: Add Tag
No Tags, Be the first to tag this record!

MARC

LEADER 00000ntm a22000003a 4500
001 stuzp99069
003 SK-STU
005 20240608212845.8
007 ta
008 150427s2015----xo-----f-mn---000-0-slo-d
040 |a STU  |b slo 
041 0 |a slo 
100 1 |a Kopinec, Dávid  |u 065000  |4 aut  |U MTF Materiálovotechnologická fakulta  |T MTF Ústav integrovanej bezpečnosti  |X 103373  |U M5000  |Y 85  |7 103373 
242 0 1 |a Modification of wood using stabilizing resin and its effect on selected parameters  |y eng 
245 1 0 |a Modifikácia dreva pomocou stabilizačnej živice a jej vplyv na vybrané parametre 
260 |c 2024 
650 4 |a starnutie dreva  |2 slo 
650 4 |a tvrdosť  |2 slo 
650 4 |a UV komora  |2 slo 
650 4 |a modifikácia dreva  |2 slo 
650 4 |a kolorimetria  |2 slo 
650 4 |a hardness  |2 eng 
650 4 |a colorimetry  |2 eng 
650 4 |a UV chamber  |2 eng 
650 4 |a wood modification  |2 eng 
650 4 |a wood aging  |2 eng 
700 1 |a Wachter, Igor  |u 065000  |k Z2  |4 ths  |U MTF Materiálovotechnologická fakulta  |T MTF Ústav integrovanej bezpečnosti  |X 66051  |U M5000  |Y 85  |7 A000066051 
856 4 |u http://is.stuba.sk/zp/portal_zp.pl?podrobnosti=178047 
996 |c M* DP-15355  |l MMSKP  |s P  |a 0  |w stuzp99069_0001